| 000 | 00794nam a2200265Ia 4500 | ||
|---|---|---|---|
| 003 | OSt | ||
| 005 | 20220918174302.0 | ||
| 006 | a|||||r|||| 00| 0 | ||
| 007 | ta | ||
| 008 | 220917b |||||||| |||| 00| 0 eng d | ||
| 024 | _a11,441 | ||
| 037 | _cTextual | ||
| 040 |
_aARTS _cARTS _beng |
||
| 041 |
_2eng _aeng |
||
| 082 | _aM7:E3, J4 | ||
| 100 |
_aMatthews J Merritt _949854 |
||
| 245 | 0 |
_aTextile fiber _b their physical microsopic and chemical properties ed by Herbert R Mauersbrger |
|
| 250 | _a6th | ||
| 260 |
_aNew York _bJohn wiley & sons, Inc. _c1954 |
||
| 300 |
_a1283 _ccm. |
||
| 650 | _aINDUSTRIAL ARTS | ||
| 700 |
_a Mauersberger Herbert R _949855 |
||
| 942 |
_hM7:E3, J4 _cTEXL _2CC |
||
| 999 |
_c152540 _d152540 |
||